Año evangelico (Record no. 159530)

MARC details
000 -LEADER
campo de control de longitud fija 00882nam a22002055i 4500
001 - NÚMERO DE CONTROL
campo de control 159530
003 - IDENTIFICADOR DE NÚMERO DE CONTROL
campo de control ES-MaACL
005 - FECHA Y HORA DE LA ÚLTIMA TRANSACCIÓN
campo de control 20251015063141.0
008 - DATOS DE LONGITUD FIJA--INFORMACIÓN GENERAL
campo de control de longitud fija 001228m18521853sp |||| | spa d
040 ## - FUENTE DE CATALOGACIÓN
Centro catalogador/agencia de origen CCPB | B
Lengua de catalogación spa
Centro/agencia transcriptor CCPB | B
100 1# - ENTRADA PRINCIPAL--NOMBRE DE PERSONA
Nombre de persona Mestres, Salvador,
Fechas asociadas al nombre m. 1879
9 (RLIN) 129877
245 10 - MENCIÓN DEL TÍTULO
Título Año evangelico
Resto del título : esplicacion [sic] de los Evangelios de los domingos, y coleccion de trozos de la Sagrada Escritura para todos los dias del año /
Mención de responsabilidad, etc. por Salvador Mestres.
260 ## - PUBLICACIÓN, DISTRIBUCIÓN, ETC.
Lugar de publicación, distribución, etc. Barcelona :
Nombre del editor, distribuidor, etc. imprenta y librería politécnica de Tomás Gorchs,
Fecha de publicación, distribución, etc. 1852-1853.
300 ## - DESCRIPCIÓN FÍSICA
Extensión 4 v. ;
Dimensiones 20 cm.
597 ## - NOTA DE DESCRIPCIÓN FÍSICA
NOTA DE DESCRIPCIÓN FÍSICA Fe de erratas en t. IV.
597 #1 - NOTA DE DESCRIPCIÓN FÍSICA
NOTA DE DESCRIPCIÓN FÍSICA Vol. I (525 p.) -- Vo. II (632 p.) -- Vol. III (366 p.) -- Vol. IV (544 p.)
650 04 - PUNTO DE ACCESO ADICIONAL DE MATERIA--TÉRMINO DE MATERIA
Término de materia o nombre geográfico como elemento de entrada Año litúrgico.
9 (RLIN) 9903
852 ## - LOCALIZACIÓN
Ubicación ES-MaACL
Número de control de estantería D-943-45
Nota libre -- Enc. piel con hierros
condición física -- Falto del t. I
Holdings
Estatus retirado Estado de pérdida Estado de daño No para préstamo Colección Biblioteca de origen Biblioteca actual Ubicación en estantería Fecha de adquisición Total de préstamos Signatura topográfica completa Código de barras Visto por última vez Precio de reemplazo Tipo de ítem Koha
        Libros del s. XIX Biblioteca del Ateneo de Madrid Biblioteca del Ateneo de Madrid Sala Valle Inclán 17/01/2008   D-943-45 901167008 23/02/2023 23/02/2023 Libro impreso antiguo